[Event "Wch Blitz"]
[Site "Almaty"]
[Date "2022.12.30"]
[Round "18"]
[White "Moiseenko, Alexander"]
[Black "Agmanov, Zhandos"]
[Result "0-1"]
[WhiteElo "2577"]
[BlackElo "2389"]
[PlyCount "52"]
[EventDate "2022.12.29"]
[EventType "swiss (blitz)"]
[EventRounds "21"]
[EventCountry "KAZ"]
[SourceTitle "CBM 212"]
[Source "ChessBase"]
[SourceDate "2023.02.28"]
[SourceVersion "1"]
[SourceVersionDate "2023.02.28"]
[SourceQuality "1"]

1. d4 Nf6 2. Bg5 d5 3. e3 e6 4. Nd2 Be7 5. Ngf3 0-0 6. Bd3 h6 7. Bxf6 Bxf6 8. h4 c5 9. c3 Nc6 10. g4 e5 11. g5 e4 12. gxf6 exd3 13. fxg7 Re8 14. dxc5 Bg4 15. Qa4 d4 16. Nxd4 Ne5 17. f4 Qd5 18. Kf2 Bd7 19. fxe5 Bxa4 20. N2f3 Bc6 21. Rhg1 Rxe5 22. c4 Qe4 23. Nxe5 Qxe5 24. Rg3 Qf6+ 25. Nf3 Bxf3 26. Rxf3 Qxb2+ 0-1

[Event "Wch Blitz"]
[Site "Almaty"]
[Date "2022.12.30"]
[Round "21"]
[White "Moiseenko, Alexander"]
[Black "Uskov, Artem"]
[Result "1-0"]
[WhiteElo "2577"]
[BlackElo "2401"]
[PlyCount "85"]
[EventDate "2022.12.29"]
[EventType "swiss (blitz)"]
[EventRounds "21"]
[EventCountry "KAZ"]
[SourceTitle "CBM 212"]
[Source "ChessBase"]
[SourceDate "2023.02.28"]
[SourceVersion "1"]
[SourceVersionDate "2023.02.28"]
[SourceQuality "1"]

1. d4 Nf6 2. c4 e6 3. Nc3 Bb4 4. Nf3 d5 5. cxd5 exd5 6. Bf4 0-0 7. e3 c6 8. Bd3 Bd6 9. Bxd6 Qxd6 10. h3 Nbd7 11. 0-0 b5 12. a4 b4 13. Ne2 a5 14. Rc1 c5 15. dxc5 Nxc5 16. Bb5 Bf5 17. Ng3 Bg6 18. Nh4 Rac8 19. Ngf5 Qe5 20. Nxg6 hxg6 21. Nd4 Nfe4 22. Qe2 Nd6 23. Nc6 Qf6 24. Rxc5 Ne4 25. Rcc1 b3 26. Nxa5 Nc5 27. Nc6 Qd6 28. Rfd1 Rc7 29. Nd4 Rfc8 30. a5 Ra8 31. a6 Nxa6 32. Bxa6 Rxc1 33. Rxc1 Rxa6 34. Nxb3 Ra2 35. Nd4 Qb8 36. Qg4 Ra8 37. b3 Qb7 38. g3 Kh7 39. h4 Ra2 40. h5 Qe7 41. hxg6+ fxg6 42. Qh3+ Kg8 43. Qe6+ 1-0

[Event "Wch Blitz"]
[Site "Almaty"]
[Date "2022.12.30"]
[Round "15"]
[White "Salem, AR Saleh"]
[Black "Moiseenko, Alexander"]
[Result "1-0"]
[WhiteElo "2633"]
[BlackElo "2577"]
[PlyCount "115"]
[EventDate "2022.12.29"]
[EventType "swiss (blitz)"]
[EventRounds "21"]
[EventCountry "KAZ"]
[SourceTitle "CBM 212"]
[Source "ChessBase"]
[SourceDate "2023.02.28"]
[SourceVersion "1"]
[SourceVersionDate "2023.02.28"]
[SourceQuality "1"]

1. d4 Nf6 2. c4 e6 3. Nc3 Bb4 4. a3 Bxc3+ 5. bxc3 Nc6 6. f3 b6 7. e4 Ba6 8. Bg5 h6 9. Bh4 Na5 10. e5 g5 11. Bf2 Nh5 12. h4 f5 13. hxg5 Qxg5 14. Nh3 Qg6 15. Bh4 Bxc4 16. g3 Rg8 17. Rg1 Bxf1 18. Kxf1 d5 19. exd6 cxd6 20. Qa4+ Kf8 21. Qd7 Qf7 22. Qxd6+ Kg7 23. Re1 Rae8 24. Nf4 Nxf4 25. Qxf4 Kh7 26. Rh1 Rg6 27. Re2 Nc4 28. Bg5 e5 29. dxe5 Qd5 30. Bxh6 Kg8 31. Qxf5 Qd1+ 32. Kf2 Qxe2+ 33. Kxe2 Rxe5+ 34. Qxe5 Nxe5 35. Bf4 Nc4 36. a4 Re6+ 37. Kf2 Nb2 38. g4 Nxa4 39. c4 Nb2 40. Kg3 Nxc4 41. Rc1 b5 42. g5 a5 43. Kg4 Rc6 44. Rd1 b4 45. Rd8+ Kf7 46. Rd7+ Ke8 47. Rb7 Rb6 48. Rc7 b3 49. Bc1 b2 50. Bxb2 Nxb2 51. f4 a4 52. f5 a3 53. g6 Kf8 54. Kg5 Rb5 55. Kh6 Rb8 56. Kh7 Ke8 57. g7 Kd8 58. Rf7 1-0

[Event "Wch Blitz"]
[Site "Almaty"]
[Date "2022.12.29"]
[Round "4"]
[White "Fedoseev, Vladimir"]
[Black "Moiseenko, Alexander"]
[Result "1-0"]
[WhiteElo "2733"]
[BlackElo "2577"]
[PlyCount "93"]
[EventDate "2022.12.29"]
[EventType "swiss (blitz)"]
[EventRounds "21"]
[EventCountry "KAZ"]
[SourceTitle "CBM 212"]
[Source "ChessBase"]
[SourceDate "2023.02.28"]
[SourceVersion "1"]
[SourceVersionDate "2023.02.28"]
[SourceQuality "1"]

1. Nf3 c5 2. g3 Nc6 3. Bg2 g6 4. c4 Bg7 5. Nc3 e5 6. a3 a5 7. d3 d6 8. Bg5 f6 9. Bd2 Nge7 10. 0-0 0-0 11. Ne1 Be6 12. Nc2 d5 13. cxd5 Nxd5 14. Ne3 Nde7 15. Nc4 b6 16. Rc1 Rb8 17. Kh1 b5 18. Ne3 f5 19. a4 bxa4 20. Nc4 Bxc4 21. dxc4 Rxb2 22. Be3 Qxd1 23. Rfxd1 Nd4 24. Nxa4 Rxe2 25. Nxc5 f4 26. Bxd4 exd4 27. Nd3 f3 28. Bf1 Ra2 29. c5 Ra3 30. Nf4 Rc3 31. Ne6 Rc8 32. Ra1 Bf6 33. Rxa5 Rc2 34. Kg1 Nd5 35. Rd3 Nc3 36. Rxf3 Be5 37. Kg2 Nd1 38. Bd3 Rb2 39. h4 Ne3+ 40. Kh3 Nd1 41. Kg2 Ne3+ 42. Kh3 Nd1 43. Bc4 Nxf2+ 44. Rxf2 Rxf2 45. Ra7 Kh8 46. Ng5 Rxc5 47. Rxh7# 1-0